Które kluby należą do Włoch ? - nagła śmierć - Statystyki

Ogólne statystyki
  • Ten quiz został rozwiązany 267 razy
  • Średni wynik to 10 z 13
Answers on the Grid
Answers color-coded by a green-red scale on the quiz's grid according to % correct below.
Barakaldo
Boca Juniors
Bologna
Calcio Padova
CD Nacional
Cremonese
Crvena zvezda
Dynamo Kijów
FC Porto
Inter Mediolan
Juventus Turyn
Kotwice Kołobrzeg
Legia Warszawa
Lugo
Palermo
Pisa SC
Real Madryt
Salernitana
Sampdoria
Slavia Praga
Sparta Praga
Sporting CP
Szachtar Donieck
Torino
Trento
UD Ibiza
Udinese
Union Clodiense
Veres Rivne
Vitória SC
 
Statystyki odpowiedzi
Odpowiedź % Poprawnych
Bologna
96%
Inter Mediolan
94%
Juventus Turyn
94%
Palermo
92%
Torino
90%
Sampdoria
85%
Udinese
84%
Salernitana
83%
Cremonese
81%
Calcio Padova
78%
Pisa SC
76%
Trento
59%
Union Clodiense
38%
Nie znaleziono quizów pasujących do podanych kryteriów
Rozkład punktacji
Procent ludzi z każdym wynikiem
Percentyl według liczby udzielonych odpowiedzi
Twoja historia wyników
Nie rozwiązałeś tego quizu